000 00549nam a22001817a 4500
999 _c9026
_d9026
003 AR-CdUCM
008 190327b ||||| |||| 00| 0 spa d
040 _aMUNICIPALIDAD PROVINCIAL DEL CUSCO
_cBIBLIOTECA MUNICIPAL DEL CUSCO
082 _aSI-0027 /
_bGRI / cap
100 _aHermanos Grim
_924962
245 _aCaperucita roja /
260 _aMéxico :
_bAdvanced Marketing,
_c2015.
300 _a61 páginas ;
_bIlustraciones.
_c21.5 cm.
650 _aCuentos infantiles
_93927
650 _aSiglo XXI
_92856
942 _2ddc
_cLIBROS
945 _aafb